| 000 | 00639nam a2200217 i 4500 | ||
|---|---|---|---|
| 001 | 49038 | ||
| 003 | ES-MaACL | ||
| 005 | 20250812091121.0 | ||
| 007 | t| | ||
| 008 | 030707s1973 sp ||||1| lat d | ||
| 020 | _a84-00-03909-2 | ||
| 080 | _a821.134.2'282(460=411.21) | ||
| 245 | 0 | 0 |
_aCorpus scriptorum muzarabicorum / _cedidit Ionnes Gil. |
| 260 |
_aMadrid : _bInstituto "Antonio de Nebrija", _c1973. |
||
| 300 |
_a2 v. ; _c25 cm. |
||
| 650 | 7 |
_aLiteratura mozárabe _2embne _9174263 |
|
| 700 | 1 |
_aGil, Juan. _956739 |
|
| 710 | 2 |
_aInstituto Antonio de Nebrija. _94795 |
|
| 852 | 4 |
_aES-MaACL _jC-55905-06 |
|
| 999 |
_c49038 _d49038 |
||